Caricamento...

MAZHAMEGHANGAL

Dettagli Bibliografici
Autore principale: ASHITA
Natura: Printed Book
Pubblicazione: MELIMDA BOOKS
LEADER 00399nam a2200169 4500
020
082 |a 894.8123 ASH 
100 |a ASHITA 
245 |a MAZHAMEGHANGAL  |h Malayalam 
250
260 |b MELIMDA BOOKS 
300
650
700
942 |c BK 
999 |c 157372  |d 157372 
952 |0 0  |1 0  |4 0  |6 894_812300000000000_ASH  |7 0  |9 170829  |a ORI  |b ORI  |l 0  |o 894.8123 ASH  |p ORI6791  |r 2019-10-25  |w 2019-10-25  |y BK